00386nam a2200121Ia 4500008004100000245007200041260003900113260000900152300000900161650002600170650001200196856005600208170516s9999 xx 000 0 und d aBamboo spine – X-ray findings of ankylosing spondylitis revisited bSouth African Journal of Radiology c2012 a16:3 xRadiologic Technology xRadtech uhttp://www.sajr.org.za/index.php/sajr/issue/view/24